00421nam a2200157 a 45000010005000000030009000050080041000140400028000550820014000831000023000972450036001202600044001563000010002004900027002106500026002372953CO-ViMGA141112s2004 ck r 000 u spa d aCO-ViMGAbspacCO-ViMGA04a923.1 T981 aSeagrave, Sterling10aLa última emperatriz de china aBuenos Aires : bJavier Vergasa, c1993 a524 p aBiografía e historia14aTV - VHS, 1835 - 1908